header

Luo clans and legends / (Record no. 264488)

MARC details
000 -LEADER
fixed length control field 00750nam a22002297a 4500
003 - CONTROL NUMBER IDENTIFIER
control field OSt
005 - DATE AND TIME OF LATEST TRANSACTION
control field 20240911101351.0
008 - FIXED-LENGTH DATA ELEMENTS--GENERAL INFORMATION
fixed length control field 240911b xxu||||| |||| 00| 0 eng d
010 ## - LIBRARY OF CONGRESS CONTROL NUMBER
LC control number 2021315791
020 ## - INTERNATIONAL STANDARD BOOK NUMBER
International Standard Book Number 9789966975416
040 ## - CATALOGING SOURCE
Transcribing agency DLC
050 ## - LIBRARY OF CONGRESS CALL NUMBER
Classification number GN487.7.C55
Item number O53 2021
100 ## - MAIN ENTRY--PERSONAL NAME
Personal name Okatch, Felix Owaga,
Relator term author.
245 ## - TITLE STATEMENT
Title Luo clans and legends /
Statement of responsibility, etc by Felix Owaga Okatch.
260 ## - PUBLICATION, DISTRIBUTION, ETC. (IMPRINT)
Place of publication, distribution, etc Nairobi :
Name of publisher, distributor, etc Pesisu Industries,
Date of publication, distribution, etc 2021.
300 ## - PHYSICAL DESCRIPTION
Extent l, 286 pages :
Other physical details illustrations ;
Dimensions 21 cm
504 ## - BIBLIOGRAPHY, ETC. NOTE
Bibliography, etc Includes bibliographical references (pages 278-279) and index.
650 ## - SUBJECT ADDED ENTRY--TOPICAL TERM
Topical term or geographic name as entry element Clans
General subdivision History.
Geographic subdivision Kenya
Topical term or geographic name as entry element Luo (Kenyan and Tanzanian people)
General subdivision Kinship
Geographic subdivision Kenya.
Topical term or geographic name as entry element Genealogy.
942 ## - ADDED ENTRY ELEMENTS (KOHA)
Source of classification or shelving scheme Library of Congress Classification
Koha item type Long Loan Books
Holdings
Withdrawn status Lost status Source of classification or shelving scheme Damaged status Not for loan Collection code Home library Current library Shelving location Date acquired Total Checkouts Full call number Barcode Date last seen Price effective from Koha item type
    Library of Congress Classification     Non-fiction Rongo University Library Rongo University Library Children's Area 11/09/2024   GN487.7.C55 O53 2021 202200418 11/09/2024 11/09/2024 Long Loan Books
    Library of Congress Classification     Non-fiction Rongo University Library Rongo University Library Children's Area 11/09/2024   GN487.7.C55 O53 2021 202200419 11/09/2024 11/09/2024 Long Loan Books

© 2026 Rongo University
Contact us: librarian | system librarian | Rongo university